Angry Birds by Picture - Statistics

General Stats
  • This quiz has been taken 43 times
  • The average score is 9 of 12
Answer Stats
Picture Answer % Correct
Bomb
100%
Red
100%
Chuck
95%
Matilda
83%
The Blues (Jay, Jake and Jim)
75%
Terence
73%
Mighty Eagle
70%
Hal
65%
Silver
65%
Stella
65%
Bubbles
60%
Melody
33%
No matching quizzes found
Score Distribution
Percent of People with Each Score
Percentile by Number Answered
Your Score History
You have not taken this quiz